Agricultural waste management - changes on the horizon (Record no. 74074)
[ view plain ]
| 000 -LEADER | |
|---|---|
| fixed length control field | 01209cab a2200217 4500 |
| 001 - CONTROL NUMBER | |
| control field | ABS67473 |
| 008 - FIXED-LENGTH DATA ELEMENTS--GENERAL INFORMATION | |
| fixed length control field | 040126n2003 000 0 eng u |
| 035 ## - SYSTEM CONTROL NUMBER | |
| System control number | (Sirsi) u124907 |
| 100 ## - MAIN ENTRY--PERSONAL NAME | |
| Personal name | Lerpiniere, D. |
| 245 ## - TITLE STATEMENT | |
| Title | Agricultural waste management - changes on the horizon |
| 260 ## - PUBLICATION, DISTRIBUTION, ETC. | |
| Date of publication, distribution, etc. | 2003 |
| 490 ## - SERIES STATEMENT | |
| Series statement | Wastes Management |
| Volume/sequential designation | December 2003, 36-38(3) |
| 520 ## - SUMMARY, ETC. | |
| Summary, etc. | Discusses the specific problems faced by farmers in disposing of waste from farms. Covers the waste policy as it stands at present and examines how this could change under new DEFRA waste regulations. Provides figures for the amount of waste generated by agriculture and statistical evidence of current practice. Examines the problem in Britain with reference to European solutions. Also discusses "Agricultural Waste - opportunities from change" which was published by the Agricultural Waste Stakeholder Forum in November 2003. |
| 590 ## - LOCAL NOTE (RLIN) | |
| Local note | ABS |
| 650 ## - SUBJECT ADDED ENTRY--TOPICAL TERM | |
| Topical term or geographic name entry element | FARMING |
| 650 ## - SUBJECT ADDED ENTRY--TOPICAL TERM | |
| Topical term or geographic name entry element | AGRICULTURE |
| 650 ## - SUBJECT ADDED ENTRY--TOPICAL TERM | |
| Topical term or geographic name entry element | WASTE MANAGEMENT STRATEGIES |
| 690 ## - LOCAL SUBJECT ADDED ENTRY--TOPICAL TERM (OCLC, RLIN) | |
| Topical term or geographic name as entry element | ENVIRONMENTAL AND LAND CONSULTANCY-WASTE MANAGEMENT |
| 856 ## - ELECTRONIC LOCATION AND ACCESS | |
| Uniform Resource Identifier | <a href="https://www.defra.gov.uk/environment/waste/agforum">https://www.defra.gov.uk/environment/waste/agforum</a> |
| Public note | View Agricultural Waste Stakeholder Forum website. |
| 942 ## - ADDED ENTRY ELEMENTS (KOHA) | |
| Suppress in OPAC | 0 |
| Withdrawn status | Lost status | Source of classification or shelving scheme | Damaged status | Not for loan | Home library | Current library | Shelving location | Date acquired | Total Checkouts | Full call number | Barcode | Date last seen | Copy number | Price effective from | Koha item type |
|---|---|---|---|---|---|---|---|---|---|---|---|---|---|---|---|
| Dewey Decimal Classification | London | London | Journal article | 26/01/2004 | ABS67473 | ABS67473 | 06/08/2019 | 1 | 06/08/2019 | Journal article |